GSK Theory and Praktice

Guardado en:
Detalles Bibliográficos
Autor principal: Bono, Peter R
Otros Autores: Herman, Ivan
Formato: Libro
Lenguaje:inglés
Publicado: Berlin Springer 1987
Edición:1. ed.
Etiquetas: Agregar Etiqueta
Sin Etiquetas, Sea el primero en etiquetar este registro!

MARC

LEADER 00000nam a2200000 4500
001 c038370
005 20221219115927.3
041 0 |a eng 
044 |a DE 
245 1 0 |a GSK Theory and Praktice  |c Peter R Bono, Ivan Herman 
250 |a 1. ed. 
264 1 |a Berlin  |b Springer  |c 1987 
300 |a 316 s. 
100 1 |a Bono, Peter R 
700 1 |a Herman, Ivan